Harper Collins español-inglés, inglés-español; spanish-english, english-spanish diccionario

সংরক্ষণ করুন:
গ্রন্থ-পঞ্জীর বিবরন
বিন্যাস: গ্রন্থ
ভাষা:স্প্যানিশ
প্রকাশিত: Nueva York Harper Paperbacks 1992
বিষয়গুলি:
ট্যাগগুলো: ট্যাগ যুক্ত করুন
কোনো ট্যাগ নেই, প্রথমজন হিসাবে ট্যাগ করুন!

MARC

LEADER 00000nam a2200000 a 4500
001 UCX8788
003 CL-VaPUC
008 940427e19920000US |||||||||||||||||spa|d
082 0 4 |a 463  |b HAR  |2 21 
245 1 0 |a Harper Collins español-inglés, inglés-español; spanish-english, english-spanish diccionario 
300 |a 227 p 
942 |c BK 
945 |d 19940427 00:00:00  |a oaravena 
260 |a Nueva York  |b Harper Paperbacks  |c 1992 
650 7 |a ESPAÑOL DICCIONARIOS  |2 CL-VaPUC  |9 260592 
650 7 |a INGLES DICCIONARIOS  |2 CL-VaPUC  |9 316312 
583 |a last modification  |c 19940427 00:00:00  |k Rodrigo Vera 
999 |c 228187  |d 228185 
952 |0 0  |1 0  |4 0  |6 463_000000000000000_HAR_1992  |7 0  |8 X  |9 227956  |a BIBHIS  |b BIBHIS  |d 2019-11-15  |i 2974827  |o 463 HAR 1992  |p 2974827  |r 2024-01-30  |w 2019-11-15  |y BK_X  |k HIS 
952 |0 0  |1 0  |4 0  |6 463_000000000000000_HAR_1992  |7 0  |8 X  |9 227957  |a FDOBUD  |b FDOBUD  |d 2019-11-15  |i 4401271  |o 463 HAR 1992  |p 4401271  |r 2019-11-15  |w 2019-11-15  |y BK_X  |k BUD